Les Biblioteques a les escoles públiques de Catalunya / Mònica Baró, Teresa Mañà i Anna M. Roig... ; elaboració estadística de les dades: Natàlia Calsina i Gemma Cendra Natàlia Calsina i Gemma Cendra
Descripción Física:
79 p. ; 24 cm
Colección:
Temes d'educació ; 2
Materias:
Biblioteques escolars -- Catalunya
MARC
| LEADER | 00000nam a2200000Ia 4500 | ||
|---|---|---|---|
| 001 | 8948 | ||
| 008 | 160829s1990 xx 000 0 cat d | ||
| 080 | |a A-1-243 | ||
| 100 | |a Baró i Llambias, Mònica |9 34801 | ||
| 245 | |a Les Biblioteques a les escoles públiques de Catalunya / Mònica Baró, Teresa Mañà i Anna M. Roig... ; elaboració estadística de les dades: |b Natàlia Calsina i Gemma Cendra | ||
| 260 | |a Barcelona : |b Diputació de Barcelona, Àrea d'Educació, |c 1990 | ||
| 300 | |a 79 p. ; |c 24 cm | ||
| 490 | |a Temes d'educació ; 2 | ||
| 650 | |a Biblioteques escolars |x Catalunya |9 34802 | ||
| 700 | 1 | |a Mañà, Teresa |9 40088 | |
| 700 | |a Roig, Anna M. |9 34803 | ||
| 700 | |a Calsina, Natàlia I |9 34804 | ||
| 700 | |a Cendra, Gemma |9 34805 | ||
| 710 | |a Barcelona (Catalunya : Província). |b Àrea d'Educació |9 8009 | ||
| 901 | |a Arxiu | ||
| 942 | |n 1 | ||
| 952 | |0 0 |1 0 |4 0 |6 A1243 |7 1 |9 46646 |a Arxiu |b Arxiu |d 2016-12-01 |l 0 |o A-1-243 |p 8948 |r 2016-12-01 00:00:00 |w 2016-12-01 |y ARXIU | ||
| 999 | |c 50439 |d 50439 | ||